| 000 | 00447nam a22001577a 4500 | ||
|---|---|---|---|
| 020 | _a8120403444 | ||
| 082 |
_a624.25 _bRAJ _cL-19, P-38 |
||
| 100 |
_aRaju, Dr N Krishna _943891 |
||
| 245 |
_aDesign of bridges _cRaju, Dr N Krishna |
||
| 250 | _a2nd ed. | ||
| 260 |
_aBomby, Calcutta _bOxford & IBH publishing _c1991 |
||
| 300 |
_axii, 318 p. _bill. _c27 cm. |
||
| 526 |
_a0 _b0 _c0 _d624_250000000000000_RAJ |
||
| 650 |
_aMCE _9379 |
||
| 942 |
_2ddc _cBK |
||
| 999 |
_c547767 _d547767 |
||